<?xml version="1.0" encoding="UTF-8"?>
<record
    xmlns:xsi="http://www.w3.org/2001/XMLSchema-instance"
    xsi:schemaLocation="http://www.loc.gov/MARC21/slim http://www.loc.gov/standards/marcxml/schema/MARC21slim.xsd"
    xmlns="http://www.loc.gov/MARC21/slim">

  <leader>03785nam a2200277 i 4500</leader>
  <controlfield tag="001">000004135</controlfield>
  <controlfield tag="003">DO-SdBNP</controlfield>
  <controlfield tag="005">20260129101454.0</controlfield>
  <controlfield tag="007">ta</controlfield>
  <controlfield tag="008">290126m2009    dr      r     001 0 spa d</controlfield>
  <datafield tag="040" ind1=" " ind2=" ">
    <subfield code="a">DO-SdBNP</subfield>
    <subfield code="b">spa</subfield>
    <subfield code="c">BNPHU</subfield>
    <subfield code="e">rda</subfield>
  </datafield>
  <datafield tag="041" ind1=" " ind2=" ">
    <subfield code="a">spa</subfield>
  </datafield>
  <datafield tag="082" ind1=" " ind2="4">
    <subfield code="a">xxx</subfield>
    <subfield code="b">C748a</subfield>
    <subfield code="2">22</subfield>
  </datafield>
  <datafield tag="110" ind1=" " ind2=" ">
    <subfield code="a">Conferencia del Episcopado Dominicano.</subfield>
    <subfield code="9">46310</subfield>
  </datafield>
  <datafield tag="245" ind1="1" ind2="0">
    <subfield code="a">Anuncio del Kerygma :</subfield>
    <subfield code="b">primera etapa de la misi&#xF3;n continental</subfield>
  </datafield>
  <datafield tag="264" ind1=" " ind2=" ">
    <subfield code="a">Santo Domingo :</subfield>
    <subfield code="b">Plan Nacional de Pastoral,</subfield>
    <subfield code="c">2009</subfield>
  </datafield>
  <datafield tag="300" ind1=" " ind2=" ">
    <subfield code="a">224 p&#xE1;ginas :</subfield>
    <subfield code="b">ilustraciones ;</subfield>
    <subfield code="c">21 cm.</subfield>
  </datafield>
  <datafield tag="336" ind1=" " ind2=" ">
    <subfield code="a">texto</subfield>
    <subfield code="b">txt</subfield>
    <subfield code="2">rdacontent</subfield>
  </datafield>
  <datafield tag="337" ind1=" " ind2=" ">
    <subfield code="a">sin mediaci&#xF3;n</subfield>
    <subfield code="b">n</subfield>
    <subfield code="2">rdamedia</subfield>
  </datafield>
  <datafield tag="338" ind1=" " ind2=" ">
    <subfield code="a">volumen</subfield>
    <subfield code="b">nc</subfield>
    <subfield code="2">rdacarrier</subfield>
  </datafield>
  <datafield tag="505" ind1=" " ind2=" ">
    <subfield code="a">&#x201C; Vayan por todo el mundo y proclamen el Evangelio a toda creaci&#xF3;n&#x2019;&#x2019; (Mc 16,15). Env&#xED;o de los misioneros 11 &#x2013; Organizaci&#xF3;n de los quipos de misioneros a nivel zonal y parroquial 12 &#x2013; Acto penitencial de los misioneros y misioneras en sus parroquias 14 &#x2013; Celebraci&#xF3;n del envi&#xF3; de los misioneros 16 &#x2013; Preparaci&#xF3;n espiritual de los misioneros celebraci&#xF3;n de la liturgia de las horas 16 &#x2013; Dios quiere que todos y todas &#x2018;&#x2019;se salven y lleguen al conocimiento de la verdad&#x2019;&#x2019; (1 Tm 1,4). Primera semana de la misi&#xF3;n continental convocatoria de la comunidad 24 &#x2013; Convocatoria de la comunidad 25 &#x2013; Visitas a las casas promoci&#xF3;n publicitaria de la misi&#xF3;n 26 &#x2013; Campa&#xF1;a de oraci&#xF3;n por la misi&#xF3;n 28 &#x2013; Dios quiere que todos y todas &#x2018;&#x2019;se salven y lleguen al conocimiento de la verdad&#x2019;&#x2019; ( 1 Tm 1,4). Misi&#xF3;n intensiva proclamaci&#xF3;n del Kerygma 30 &#x2013; El inicio de la misi&#xF3;n continental en las parroquias 31 &#x2013; Visitas por las casas para anunciar el Kerygma durante la semana de la misi&#xF3;n 37 &#x2013; Proclamaci&#xF3;n del Kerygma en a casa de misi&#xF3;n 39 &#x2013; Primer tema en la casa de misi&#xF3;n: el Se&#xF1;or no has invitado a encontramos con &#xC9;l y a seguirlo 41 &#x2013; Dios te ama. Dios nos ama 44 &#x2013; Tercer tema en la casa misi&#xF3;n: El pecado. Jes&#xFA;s ten compasi&#xF3;n de mi 48 &#x2013; Cuarto tema en la casa misi&#xF3;n: Jesucristo, nuestro Salvador 53 &#x2013;Quinto tema en la casa misi&#xF3;n: Jes&#xFA;s espera tu respuesta: La fe 58 &#x2013; Sexto tema en la casa misi&#xF3;n: La conversi&#xF3;n 61 &#x2013; S&#xE9;ptimo tema en la casa misi&#xF3;n: Jes&#xFA;s nos da el esp&#xED;ritu santo 66 &#x2013; Rosario de la Aurora 71 &#x2013; Jes&#xFA;s nos llama a vivir en la Iglesia 74 &#x2013; Con todos los sectores misionados 79 &#x2013; &#x201C; Yo soy el camino, la verdad y la vida&#x201D; (Jn 14,6). Encuentro de preparaci&#xF3;n al retiro Kerygm&#xE1;tico en la casa misi&#xF3;n 80 &#x2013; Encuentro de preparaci&#xF3;n al retiro Kerygm&#xE1;tico 81 &#x2013; &#x201C; Hagan disc&#xED;pulos a todas las gentes&#x201D; (Mt 28,19). Retiro kerym&#xE1;tico 85 Retiro de integraci&#xF3;n a la comunidad 86 &#x2013; Encuentro con Jesucristo en la palabra 86 &#x2013; Encuentro con Cristo en la Eucarist&#xED;a &#x201C; Y sucedi&#xF3; que, cuando se puso a la mesa con ellos, tomo el pan, pronuncio la bendici&#xF3;n, lo parti&#xF3; y se lo iba dando. Entonces se les abrieron os ojos y le reconocieron&#x201D; (Lc 24, 30-31) 98 &#x2013; Encuentro con Cristo en la comunidad y en el servicio, especialmente a los m&#xE1;s pobres 107 &#x2013; &#x201C; Se manten&#xED;an constantes en la ense&#xF1;anza de los ap&#xF3;stoles, en la comuni&#xF3;n, en la fracci&#xF3;n del pan y en las oraciones&#x201D; (Hch 2,42). Catequesis Kerygm&#xE1;ticas 124 &#x2013; Metodolog&#xED;a de preparaci&#xF3;n de las catequesis kerygm&#xE1;ticas, de la creaci&#xF3;n de la eucarist&#xED;a dominical 125 &#x2013; Catequesis Kerym&#xE1;ticas 135 &#x2013; &#x201C; Si alguno quiere venir detr&#xE1;s de m&#xED;, ni&#xE9;guese a s&#xED; mismo, tome su cruz de cada d&#xED;a y s&#xED;game&#x201D; (Lc 9,23). Encuentro del compromiso 202 &#x2013; Encuentro del compromiso 203 -- &#xBF;Cu&#xE1;l es tu nombre? 203 &#x2013; &#xBF;Qu&#xE9; pides a la iglesia de Dios? La fe 206 -- &#xBF;Qu&#xE9; te da la fe? La vida eterna 213</subfield>
  </datafield>
  <datafield tag="590" ind1=" " ind2=" ">
    <subfield code="a">Inventariado 2026/DG</subfield>
  </datafield>
  <datafield tag="650" ind1=" " ind2=" ">
    <subfield code="9">76649</subfield>
  </datafield>
  <datafield tag="910" ind1=" " ind2=" ">
    <subfield code="a">DG</subfield>
  </datafield>
  <datafield tag="942" ind1=" " ind2=" ">
    <subfield code="2">ddc</subfield>
    <subfield code="c">LBS1</subfield>
  </datafield>
  <datafield tag="952" ind1=" " ind2=" ">
    <subfield code="0">0</subfield>
    <subfield code="1">0</subfield>
    <subfield code="2">ddc</subfield>
    <subfield code="5">1</subfield>
    <subfield code="7">0</subfield>
    <subfield code="8">PD</subfield>
    <subfield code="a">BNPHU</subfield>
    <subfield code="b">BNPHU</subfield>
    <subfield code="c">CT</subfield>
    <subfield code="d">2026-01-29</subfield>
    <subfield code="e">Donaci&#xF3;n</subfield>
    <subfield code="l">0</subfield>
    <subfield code="o">BNPHU PD C748a</subfield>
    <subfield code="p">2026-0465</subfield>
    <subfield code="r">2026-01-29</subfield>
    <subfield code="w">2026-01-29</subfield>
    <subfield code="y">LBS1</subfield>
    <subfield code="z">Bienvenido Brito</subfield>
  </datafield>
  <datafield tag="952" ind1=" " ind2=" ">
    <subfield code="0">0</subfield>
    <subfield code="1">0</subfield>
    <subfield code="2">ddc</subfield>
    <subfield code="5">1</subfield>
    <subfield code="7">0</subfield>
    <subfield code="8">PD</subfield>
    <subfield code="a">BNPHU</subfield>
    <subfield code="b">BNPHU</subfield>
    <subfield code="c">CT</subfield>
    <subfield code="d">2026-01-29</subfield>
    <subfield code="e">Donaci&#xF3;n</subfield>
    <subfield code="l">0</subfield>
    <subfield code="o">BNPHU PD C748a</subfield>
    <subfield code="p">2026-0466</subfield>
    <subfield code="r">2026-01-29</subfield>
    <subfield code="t">e.2</subfield>
    <subfield code="w">2026-01-29</subfield>
    <subfield code="y">LBS1</subfield>
    <subfield code="z">Bienvenido Brito</subfield>
  </datafield>
  <datafield tag="999" ind1=" " ind2=" ">
    <subfield code="c">60160</subfield>
    <subfield code="d">60160</subfield>
  </datafield>
</record>
